[Event "Valencia"]
[Site "Valencia"]
[Date "2018.05.02"]
[Round "11"]
[White "Blanco Da Silva, Cristofer R"]
[Black "Pina Cedeno, Marcos Evencio"]
[Result "1/2-1/2"]
[WhiteElo "2016"]
[BlackElo "2119"]
[PlyCount "36"]
[EventDate "2018.05.27"]
[EventType "tourn"]
[EventRounds "11"]
[EventCountry "VEN"]
[SourceTitle "EXT 2019"]
[Source "ChessBase"]
[SourceDate "2018.10.10"]
[SourceVersion "1"]
[SourceVersionDate "2018.10.10"]
[SourceQuality "1"]

1. e4 d6 2. d4 Nf6 3. Nc3 g6 4. f4 Bg7 5. Nf3 0-0 6. Bd3 Nc6 7. e5 dxe5 8. fxe5 Nh5 9. Be3 Bg4 10. Be2 f6 11. exf6 exf6 12. 0-0 f5 13. Qd2 f4 14. Bf2 Qd7 15. Rfe1 Rae8 16. Rad1 Kh8 17. d5 Bxf3 18. Bxf3 Ne5 1/2-1/2

[Event "Valencia"]
[Site "Valencia"]
[Date "2018.04.28"]
[Round "4"]
[White "Pina Cedeno, Marcos Evencio"]
[Black "Mujica Flores, MN Luisana"]
[Result "1-0"]
[WhiteElo "2119"]
[BlackElo "2020"]
[PlyCount "113"]
[EventDate "2018.05.27"]
[EventType "tourn"]
[EventRounds "11"]
[EventCountry "VEN"]
[SourceTitle "EXT 2019"]
[Source "ChessBase"]
[SourceDate "2018.10.10"]
[SourceVersion "1"]
[SourceVersionDate "2018.10.10"]
[SourceQuality "1"]

1. e4 e5 2. Nf3 Nc6 3. Bc4 Bc5 4. c3 Nf6 5. d3 a6 6. Bb3 d6 7. Nbd2 Ba7 8. Qe2 Ne7 9. Nf1 Ng6 10. h3 Be6 11. Ng3 0-0 12. 0-0 Qd7 13. Ng5 Bxb3 14. axb3 h6 15. Nf3 d5 16. Nh2 Rfe8 17. Nh5 Nxh5 18. Qxh5 dxe4 19. dxe4 Qe6 20. b4 Bb6 21. Qg4 Rad8 22. Qxe6 fxe6 23. Ng4 h5 24. Ne3 Bxe3 25. Bxe3 Rd3 26. Rfd1 Rd6 27. Bg5 Kf7 28. Rxd6 cxd6 29. Rd1 d5 30. exd5 exd5 31. Rxd5 Ke6 32. Rc5 Kd6 33. c4 Nf4 34. Bxf4 exf4 35. Rxh5 Re2 36. b3 Rb2 37. Rd5+ Kc6 38. b5+ Kb6 39. bxa6 Kxa6 40. Rb5 Rb1+ 41. Kh2 b6 42. Rg5 Rxb3 43. Rxg7 Rc3 44. Rc7 Ka5 45. h4 b5 46. c5 b4 47. h5 b3 48. h6 b2 49. Ra7+ Kb4 50. Rb7+ Kc4 51. Rxb2 Rd3 52. Rc2+ Kb5 53. c6 Rd8 54. c7 Rc8 55. h7 Kb6 56. Rb2+ Kc5 57. Rb8 1-0

[Event "VEN-chT Liga Superior qual"]
[Site "Caracas"]
[Date "2018.01.26"]
[Round "2.4"]
[White "Pina Cedeno, Marcos Evencio"]
[Black "Descarrega Zacarias, Vanessa"]
[Result "1-0"]
[WhiteElo "2116"]
[BlackElo "1785"]
[PlyCount "73"]
[EventDate "2018.01.26"]
[EventType "team-swiss"]
[EventRounds "6"]
[EventCountry "VEN"]
[SourceTitle "EXT 2022"]
[Source "ChessBase"]
[SourceDate "2021.10.06"]
[SourceVersion "1"]
[SourceVersionDate "2021.10.06"]
[SourceQuality "1"]
[WhiteTeam "Guarico"]
[BlackTeam "Chicas Super Poderosas"]
[WhiteTeamCountry "VEN"]
[BlackTeamCountry "VEN"]

1. Nf3 d5 2. e3 Nf6 3. b3 Bf5 4. Bb2 Nbd7 5. Be2 e6 6. 0-0 Be7 7. d3 0-0 8. Nh4 Bg6 9. Nxg6 fxg6 10. c4 c6 11. Nd2 e5 12. Qc2 Rc8 13. a3 Bd6 14. b4 b6 15. Bf3 Qe7 16. Qb3 Qe6 17. cxd5 Nxd5 18. Rac1 N7f6 19. Ne4 Nxe4 20. Bxe4 Kh8 21. b5 Qe7 22. bxc6 Nf6 23. Bf3 g5 24. Qa4 h5 25. Be4 Nxe4 26. Qxe4 Rf6 27. Rc2 Re6 28. Rfc1 Bxa3 29. Bxa3 Qxa3 30. h3 Qe7 31. c7 a5 32. Qf3 g6 33. Qb7 Qd7 34. Rc6 Rxc6 35. Rxc6 Kh7 36. Rd6 Qe8 37. Rd8 1-0

[Event "Venezuela op 1st"]
[Site "Valencia"]
[Date "2017.12.09"]
[Round "7"]
[White "Perdomo Arvelaez, Juan Jose"]
[Black "Pina Cedeno, Marcos Evencio"]
[Result "0-1"]
[WhiteElo "2142"]
[BlackElo "2116"]
[PlyCount "56"]
[EventDate "2017.12.06"]
[EventType "swiss"]
[EventRounds "7"]
[EventCountry "VEN"]
[SourceTitle "EXT 2019"]
[Source "ChessBase"]
[SourceDate "2018.10.10"]
[SourceVersion "1"]
[SourceVersionDate "2018.10.10"]
[SourceQuality "1"]

1. e4 e5 2. Nf3 Nc6 3. Bb5 a6 4. Ba4 Nf6 5. 0-0 Be7 6. Re1 b5 7. Bb3 0-0 8. c3 d5 9. exd5 Nxd5 10. Nxe5 Nxe5 11. Rxe5 Nf6 12. d4 Bd6 13. Re1 Ng4 14. h3 Qh4 15. Qf3 Bd7 16. Bf4 Nxf2 17. Qxf2 Qxf4 18. Qxf4 Bxf4 19. Re7 Rad8 20. a4 Bd6 21. Re2 Rde8 22. Rxe8 Rxe8 23. axb5 axb5 24. Na3 g6 25. Nc2 Kg7 26. Ra7 Bg3 27. Ra1 Re2 28. Rf1 Bf5 0-1

[Event "Porlamar"]
[Site "Porlamar"]
[Date "2016.12.12"]
[Round "8"]
[White "Pina Cedeno, Marcos Evencio"]
[Black "Bobadilla Viera, Jorge Samuel"]
[Result "1/2-1/2"]
[WhiteElo "2117"]
[BlackElo "2292"]
[PlyCount "57"]
[EventDate "2016.12.08"]
[EventType "tourn"]
[EventRounds "9"]
[EventCountry "VEN"]
[EventCategory "1"]
[SourceTitle "CBM 176 Extra"]
[Source "ChessBase"]
[SourceDate "2017.03.02"]
[SourceVersion "1"]
[SourceVersionDate "2017.03.02"]
[SourceQuality "1"]

1. Nf3 d5 2. g3 c5 3. Bg2 Nc6 4. 0-0 Nf6 5. d3 e6 6. Nbd2 Be7 7. e4 0-0 8. Re1 b5 9. e5 Nd7 10. Nf1 a5 11. h4 b4 12. Bf4 a4 13. a3 bxa3 14. bxa3 Ba6 15. Ne3 Nd4 16. c4 Nb3 17. Rb1 d4 18. Ng4 Rb8 19. Ng5 h6 20. Ne4 Re8 21. Bxh6 gxh6 22. Nxh6+ Kg7 23. Qh5 Nxe5 24. Ng5 Bxg5 25. hxg5 Ng6 26. Nxf7 Kxf7 27. Qh7+ Kf8 28. Qxg6 Qe7 29. Bc6 1/2-1/2

[Event "Porlamar"]
[Site "Porlamar"]
[Date "2016.12.10"]
[Round "4"]
[White "Pina Cedeno, Marcos Evencio"]
[Black "Rodriguez Alvarez, Vidal Hely"]
[Result "1/2-1/2"]
[WhiteElo "2117"]
[BlackElo "2156"]
[PlyCount "25"]
[EventDate "2016.12.08"]
[EventType "tourn"]
[EventRounds "9"]
[EventCountry "VEN"]
[EventCategory "1"]
[SourceTitle "CBM 176 Extra"]
[Source "ChessBase"]
[SourceDate "2017.03.02"]
[SourceVersion "1"]
[SourceVersionDate "2017.03.02"]
[SourceQuality "1"]

1. d4 Nf6 2. Nf3 d5 3. e3 c5 4. Bd3 Nc6 5. 0-0 Bg4 6. c3 e6 7. Nbd2 Bd6 8. dxc5 Bxc5 9. e4 0-0 10. Qc2 Bxf3 11. Nxf3 dxe4 12. Bxe4 Nxe4 13. Qxe4 1/2-1/2

[Event "Porlamar"]
[Site "Porlamar"]
[Date "2016.12.10"]
[Round "5"]
[White "Quesada Vera, Liordis"]
[Black "Pina Cedeno, Marcos Evencio"]
[Result "1-0"]
[WhiteElo "2427"]
[BlackElo "2117"]
[PlyCount "69"]
[EventDate "2016.12.08"]
[EventType "tourn"]
[EventRounds "9"]
[EventCountry "VEN"]
[EventCategory "1"]
[SourceTitle "CBM 176 Extra"]
[Source "ChessBase"]
[SourceDate "2017.03.02"]
[SourceVersion "1"]
[SourceVersionDate "2017.03.02"]
[SourceQuality "1"]

1. c4 Nf6 2. g3 g6 3. Bg2 Bg7 4. Nc3 0-0 5. d4 d6 6. Nf3 Nbd7 7. 0-0 e5 8. e4 Re8 9. d5 Nc5 10. Ne1 a5 11. Be3 Ng4 12. Bc1 f5 13. Nd3 Nxe4 14. Nxe4 fxe4 15. Bxe4 b6 16. Qe2 Nh6 17. Bxh6 Bxh6 18. Kg2 Qd7 19. b3 Qh3+ 20. Kg1 Bf5 21. f3 Bd7 22. Nf2 Qh5 23. h4 g5 24. Ng4 Bg7 25. Kg2 gxh4 26. Rh1 Bxg4 27. fxg4 Qg5 28. Rxh4 h6 29. Rh5 Qe7 30. Bf5 e4 31. Be6+ Kh8 32. g5 Rf8 33. Rah1 Rf7 34. Rxh6+ Bxh6 35. Qb2+ 1-0

[Event "Porlamar"]
[Site "Porlamar"]
[Date "2016.12.09"]
[Round "3"]
[White "Marichal Gonzalez, Ariel"]
[Black "Pina Cedeno, Marcos Evencio"]
[Result "1/2-1/2"]
[WhiteElo "2339"]
[BlackElo "2117"]
[PlyCount "46"]
[EventDate "2016.12.08"]
[EventType "tourn"]
[EventRounds "9"]
[EventCountry "VEN"]
[EventCategory "1"]
[SourceTitle "CBM 176 Extra"]
[Source "ChessBase"]
[SourceDate "2017.03.02"]
[SourceVersion "1"]
[SourceVersionDate "2017.03.02"]
[SourceQuality "1"]

1. d4 Nf6 2. Nf3 e6 3. c4 Bb4+ 4. Nc3 b6 5. e3 Bb7 6. Bd3 0-0 7. Bd2 d6 8. 0-0 Nbd7 9. a3 Bxc3 10. Bxc3 Ne4 11. Be1 f5 12. d5 Ng5 13. Nxg5 Qxg5 14. f4 Qe7 15. e4 Nc5 16. exf5 exd5 17. Bf2 Nxd3 18. Qxd3 dxc4 19. Qxc4+ Qf7 20. Qxf7+ Rxf7 21. g4 h5 22. h3 hxg4 23. hxg4 g6 1/2-1/2

[Event "San Juan Bello Memorial U2200 2nd"]
[Site "San Juan de Los Morros"]
[Date "2016.09.17"]
[Round "3.6"]
[White "Arias, Eliasi"]
[Black "Pina Cedeno, Marcos Evencio"]
[Result "1/2-1/2"]
[WhiteElo "1973"]
[BlackElo "2132"]
[PlyCount "97"]
[EventDate "2016.09.17"]
[EventType "swiss"]
[EventRounds "5"]
[EventCountry "VEN"]
[SourceTitle "EXT 2022"]
[Source "ChessBase"]
[SourceDate "2021.10.06"]
[SourceVersion "1"]
[SourceVersionDate "2021.10.06"]
[SourceQuality "1"]

1. d4 Nf6 2. Nf3 d6 3. g3 g6 4. Bg2 Bg7 5. 0-0 0-0 6. Re1 Nbd7 7. e4 e5 8. dxe5 dxe5 9. Nc3 c6 10. Be3 Ng4 11. Bc1 Qb6 12. Qe2 Re8 13. h3 Ngf6 14. Na4 Qa5 15. b3 b5 16. Bd2 Qc7 17. Nb2 Nc5 18. Nh2 a5 19. c3 a4 20. b4 a3 21. Nd1 Na4 22. Bc1 Nb6 23. Ne3 Be6 24. Nhf1 Nfd7 25. Nc2 Nc4 26. Nfe3 Ndb6 27. Nxc4 Nxc4 28. Be3 Bf8 29. h4 Nxe3 30. Qxe3 Red8 31. h5 Qa7 32. hxg6 hxg6 33. Bf1 Qxe3 34. Nxe3 Bh6 35. Re2 Bxe3 36. Rxe3 Rd2 37. c4 bxc4 38. Rc3 Rd4 39. Rac1 Rxe4 40. Bxc4 Bxc4 41. Rxc4 Re2 42. R1c2 Re1+ 43. Kg2 Rb1 44. Rxc6 Kg7 45. Re2 Rb2 46. Rcc2 Rxb4 47. Rxe5 Rb2 48. Ree2 Rab8 49. Kf3 1/2-1/2

[Event "San Cristobal Bolivar op 1st"]
[Site "San Cristobal"]
[Date "2012.09.26"]
[Round "2"]
[White "Ruiz, Alciguel"]
[Black "Pina Cedeno, Marcos Evencio"]
[Result "1/2-1/2"]
[WhiteElo "2246"]
[BlackElo "2131"]
[PlyCount "30"]
[EventDate "2012.09.25"]
[EventType "swiss"]
[EventRounds "10"]
[EventCountry "VEN"]
[SourceTitle "EXT 2013"]
[Source "ChessBase"]
[SourceDate "2012.11.22"]
[SourceVersion "1"]
[SourceVersionDate "2012.11.22"]
[SourceQuality "1"]

1. d4 Nf6 2. c4 e6 3. Nc3 Bb4 4. e3 c5 5. Bd3 Bxc3+ 6. bxc3 d6 7. Ne2 0-0 8. 0-0 Nc6 9. f4 Ne8 10. e4 f5 11. Be3 b6 12. e5 Na5 13. Nc1 Ba6 14. Qe2 cxd4 15. cxd4 Rc8 1/2-1/2